000 00294nam a22001337a 4500
008 181220b xxu||||| |||| 00| 0 eng d
020 _a9781563637803
041 _aeng
080 _a615
100 _a5
101 _aFAR
245 _aPhysician's Desk Reference
_cFotsch,E
942 _2udc
_cBK
999 _c53573
_d53573